Statistics for Guess The App By Emojis (Pt. 3)

Click here to take the quiz!

General Stats

  • This quiz has been taken 50 times
  • The average score is 4 of 12

Answer Stats

EmojisAnswer% Correct
🍬 + 👊Candy Crush
60%
🕰️ (Sound?)TikTok
51%
✖️X
51%
🦉💚Duolingo
49%
🧑 + 📘Facebook
47%
🍎 - le + 🏬App Store
42%
🫵 + 🧪YouTube
38%
🫵 + e + 🇲🇳 - goliaPokemon
22%
⚔️ + 👑Clash Royale
18%
1.0 × 10^100Google
18%
🥅 + 💪Netflix
7%
🧱 + 💥Block Blast
2%

Score Distribution

Percentile by Number Answered

Percent of People with Each Score

Your Score History

You have not taken this quiz